Islam today = L'Islam aujourd'hui (Record no. 4661)

MARC details
000 -LEADER
fixed length control field 00341aas a2200097 4500
942 ## - ADDED ENTRY ELEMENTS (KOHA)
Item Type Periodicals
245 ## - TITLE STATEMENT
Title Islam today = L'Islam aujourd'hui
260 ## - PUBLICATION, DISTRIBUTION, ETC. (IMPRINT)
Place of Publication Rabat:
Name of Publisher Islamic Educational, Scientific and Cultural Organization (ISESCO),
Date of Copyright 1987
300 ## - PHYSICAL DESCRIPTION
Physical Details 1-135 p. in English, 136-264 p. in French,167 p. in Arabic
650 ## - SUBJECT ADDED ENTRY--TOPICAL TERM
Topical Term Arab countries- Periodicals
Holdings
Withdrawn status Lost status Source of classification or shelving scheme Damaged status Not for loan Permanent location Current location Date acquired Total Checkouts Full call number Barcode Date last seen Price effective from Koha item type
    Dewey Decimal Classification     Resource center, Muslim Women's Research And Action Forum Resource center, Muslim Women's Research And Action Forum 2024-01-20   297 ISL RAF4795 2024-01-20 2024-01-20 Periodicals
    Dewey Decimal Classification     Resource center, Muslim Women's Research And Action Forum Resource center, Muslim Women's Research And Action Forum 2024-01-27   297 ISL RAF4916 2024-01-27 2024-01-27 Periodicals

Copyright © 2023 Muslim Women's Research and Action Forum (MWRAF), No 27/3, Anderson Road, Kalubowila, Dehiwela. Funded by The Asia Fundation